Bibliotheca Hispana nova sive hispanorum scriptorum qui ab anno MD ad MDCLXXXIV floruere notitia / (Record no. 151508)

MARC details
000 -LEADER
campo de control de longitud fija 01515nam a2200313 i 4500
001 - NÚMERO DE CONTROL
campo de control 151508
003 - IDENTIFICADOR DE NÚMERO DE CONTROL
campo de control ES-MaACL
005 - FECHA Y HORA DE LA ÚLTIMA TRANSACCIÓN
campo de control 20250727053336.0
008 - DATOS DE LONGITUD FIJA--INFORMACIÓN GENERAL
campo de control de longitud fija 931025s1783 sp a |||| | lat d
100 1# - ENTRADA PRINCIPAL--NOMBRE DE PERSONA
Nombre de persona Antonio, Nicolás,
Fechas asociadas al nombre 1617-1684
9 (RLIN) 21980
245 10 - MENCIÓN DEL TÍTULO
Título Bibliotheca Hispana nova sive hispanorum scriptorum qui ab anno MD ad MDCLXXXIV floruere notitia /
Mención de responsabilidad, etc. auctore D. Nicolao Antonio ... ; tomus primus.
250 ## - MENCION DE EDICION
Mención de edición Nunc primum prodit
Resto de la mención de edición recognita emendata aucta ab ipso auctore.
260 ## - PUBLICACIÓN, DISTRIBUCIÓN, ETC.
Lugar de publicación, distribución, etc. Matriti :
Nombre del editor, distribuidor, etc. apud Joachinum de Ibarra ...,
Fecha de publicación, distribución, etc. 1783.
300 ## - DESCRIPCIÓN FÍSICA
Extensión [12], XXIII, 830 p., [2] h. grab. :
Otras características físicas il. ;
Dimensiones Fol.
530 ## - NOTA DISPONIBLE DE FORMULARIO FÍSICO ADICIONAL
Nota de formato físico adicional disponible Disponible en formato digital.
594 ## - Nota al título y mención de responsabilidad
Nota al título y mención de responsabilidad Mención de ed. precede a número de parte.
596 ## - NOTA AL PIE DE IMPRENTA
NOTA AL PIE DE IMPRENTA Colofón.
597 ## - NOTA DE DESCRIPCIÓN FÍSICA
NOTA DE DESCRIPCIÓN FÍSICA Sign.: [ ]\p2\s, A\p4\s, a-c\p4\s, A-Z\p4\s, 2A-2Z\p4\s, 3A-3Z\p4\s, 4A-4Z\p4\s, 5A-5L\p4\s, 5M\p3\s.
597 ## - NOTA DE DESCRIPCIÓN FÍSICA
NOTA DE DESCRIPCIÓN FÍSICA Antep.
597 ## - NOTA DE DESCRIPCIÓN FÍSICA
NOTA DE DESCRIPCIÓN FÍSICA Texto a dos col.
599 ## - NOTA A LAS ILUSTRACIONES
NOTA A LAS ILUSTRACIONES Port. grab. calc.: "Raf. Ximeno lo inv. y dib., Mariano Brandi lo grabó"
599 ## - NOTA A LAS ILUSTRACIONES
NOTA A LAS ILUSTRACIONES Las h. de grab. calc. de Ferd. Selma y R. Ximeno, son retratos del autor y de Carlos III.
650 #4 - PUNTO DE ACCESO ADICIONAL DE MATERIA--TÉRMINO DE MATERIA
Término de materia o nombre geográfico como elemento de entrada Escritores españoles-
Subdivisión cronológica S.XVI-XVII-
Subdivisión de forma Biobibliografías.
9 (RLIN) 166271
700 1# - ENTRADA AGREGADA--NOMBRE PERSONAL
Nombre de persona Ibarra, Joaquín,
Fechas asociadas al nombre 1725-1785
9 (RLIN) 172326
752 ## - ENTRADA AGREGADA--NOMBRE JERÁRQUICO DEL LUGAR
País o entidad superior España -
Ciudad Madrid
852 ## - LOCALIZACIÓN
Ubicación ES-MaACL
Número de control de estantería R-126
Nota libre - Enc. pasta española, haciendo un dibujo en forma de rombos
856 ## - LOCALIZACIÓN Y ACCESO ELECTRÓNICOS
Identificador Uniforme de Recursos <a href="http://bdh-rd.bne.es/viewer.vm?id=0000007573&page=1 ">http://bdh-rd.bne.es/viewer.vm?id=0000007573&page=1 </a>
Nota pública Biblioteca Digital Hispánica
Holdings
Estatus retirado Estado de pérdida Estado de daño No para préstamo Colección Biblioteca de origen Biblioteca actual Ubicación en estantería Fecha de adquisición Fuente de adquisición Total de préstamos Signatura topográfica completa Código de barras Visto por última vez Precio de reemplazo Tipo de ítem Koha
        Colección digital Biblioteca del Ateneo de Madrid Biblioteca del Ateneo de Madrid Depósito 17/01/2008     R-126 1158083 23/02/2023 23/02/2023 Libro impreso antiguo